000 00822cam a22002294a 4500
003 OSt
005 20171025193452.0
008 081125s2008 ug a b 001 0 eng
010 _a 2008345425
020 _a9789970026159
040 _aDLC
_cDLC
_dDLC
082 _222
_a341.481
_bTOW
245 1 0 _aTowards Abolition of the Death Penalty in Uganda :
_bcoalition on the abolition of the death penalty in Uganda /
260 _aKampala :
_bFountain Publishers,
_c2008.
300 _alv,160 p. :
_bill. ;
_c21 cm.
504 _aIncludes bibliographical references p. 143-149 Index: 159 - 160
650 0 _aCapital punishment
_zUganda.
_9433
650 0 _aCriminal justice, Administration of
_zUganda.
_9434
650 0 _aHuman rights
_zUganda.
_9435
710 2 _aFoundation for Human Rights Initiative.
_9240
942 _2ddc
_cBK
999 _c157
_d157